| Tag |
First Indicator |
Second Indicator |
Subfields |
| LEADER |
00000cam a2200000 4500 |
| 001 |
in00000076299 |
| 005 |
20151008052651.0 |
| 008 |
770408s1937 mnu 00000 eng d |
| 010 |
|
|
|a 37031231
|
| 035 |
|
|
|a (OCoLC)02871010
|
| 035 |
|
|
|9 AAH4370AM
|
| 040 |
|
|
|a YYP
|c YYP
|d TXA
|d UtOrBLW
|
| 049 |
|
|
|a TXAM
|c 1 [83510]
|c 2 [83511]
|c 3 [83512]
|
| 050 |
|
0 |
|a JK265
|b .D6 1937
|
| 092 |
|
|
|a 342.733
|b D639c2
|
| 100 |
1 |
|
|a Dodd, Walter Fairleigh,
|d 1880-1960.
|
| 245 |
1 |
0 |
|a Cases and other authorities on constitutional law :
|b selected from decisions of state and federal courts /
|c by Walter F. Dodd.
|
| 250 |
|
|
|a 2d ed.
|
| 264 |
|
1 |
|a St. Paul, Minn. :
|b West publishing co.,
|c 1937.
|
| 300 |
|
|
|a xxxviii, 1488 pages ;
|c 26 cm.
|
| 336 |
|
|
|a text
|b txt
|2 rdacontent
|
| 337 |
|
|
|a unmediated
|b n
|2 rdamedia
|
| 338 |
|
|
|a volume
|b nc
|2 rdacarrier
|
| 490 |
1 |
|
|a American casebook series
|
| 650 |
|
0 |
|a Constitutional law
|z United States
|v Cases.
|
| 830 |
|
0 |
|a American casebook series.
|
| 999 |
|
|
|a MARS
|
| 999 |
f |
f |
|s 109c2b84-65f5-3df7-92bb-0ba642ebb756
|i a443d8bb-fb95-36ae-a071-5cd663175135
|t 0
|
| 952 |
f |
f |
|p ric
|a Texas A&M University
|b Rellis Campus
|c Joint Library Facility
|d Remote Storage
|t 0
|e JK265 .D6 1937
|h Library of Congress classification
|i unmediated -- volume
|m A14834970098
|
| 998 |
f |
f |
|a JK265 .D6 1937
|t 0
|l Remote Storage
|